Автоматизированная разработка систем управления (Запись № 725990)

Подробности
000 -МАРКЕР
контрольное поле 01473nam1a2200301 i 4500
001 - ИДЕНТИФИКАТОР ЗАПИСИ
контрольное поле RU\NLR\bibl\129891
005 - ИДЕНТИФИКАТОР ВЕРСИИ
контрольное поле 20241114182832.0
035 ## - ДРУГИЕ СИСТЕМНЫЕ НОМЕРА
Идентификатор записи (NLR Aleph) 000127248
100 ## - ДАННЫЕ ОБЩЕЙ ОБРАБОТКИ
Данные общей обработки 20010123g199320 u y0rusy50 ca
101 0# - ЯЗЫК РЕСУРСА
Язык текста, звукозаписи и т.д. русский
102 ## - СТРАНА ПУБЛИКАЦИИ ИЛИ ПРОИЗВОДСТВА
Страна публикации Российская Федерация
105 ## - ПОЛЕ КОДИРОВАННЫХ ДАННЫХ: ТЕКСТОВЫЕ МАТЕРИАЛЫ, МОНОГРАФИЧЕСКИЕ
Кодированные данные о монографическом текстовом документе a |||||||||
200 1# - ЗАГЛАВИЕ И СВЕДЕНИЯ ОБ ОТВЕТСТВЕННОСТИ
Основное заглавие Автоматизированная разработка систем управления
Сведения, относящиеся к заглавию Учеб. пособие
Первые сведения об ответственности К.А. Пупков, В.А. Серов
Последующие сведения об ответственности Моск. гос. техн. ун-т им. Н.Э. Баумана
210 ## - ПУБЛИКАЦИЯ, РАСПРОСТРАНЕНИЕ И ДР.
Место издания, распространения и т.д. М.
Имя издателя, распространителя и т. д. Изд-во МГТУ
Дата издания, распространения и т.д. 2000
215 ## - ФИЗИЧЕСКАЯ ХАРАКТЕРИСТИКА
Размеры 20
463 #0 - УРОВЕНЬ ФИЗИЧЕСКОЙ ЕДИНИЦЫ
Встроенное поле 001120236
606 ## - НАИМЕНОВАНИЕ ТЕМЫ КАК ПРЕДМЕТ
Наименование темы Автоматическое управление и регулирование
Формальный подзаголовок Руководства, пособия и т.п. для высшей школы
Тематический подзаголовок Системы
-- Проектирование
-- Автоматизация
Системный номер авторитетной/нормативной записи 2081497
Идентификатор авторитетной/нормативной записи RU\NLR\auth\661257478
606 ## - НАИМЕНОВАНИЕ ТЕМЫ КАК ПРЕДМЕТ
Наименование темы САУ
Формальный подзаголовок Учебные издания для высшей школы
Тематический подзаголовок Проектирование
-- Автоматизация
Системный номер авторитетной/нормативной записи 2172888
Идентификатор авторитетной/нормативной записи RU\NLR\auth\661306985
686 ## - ИНДЕКСЫ ДРУГИХ КЛАССИФИКАЦИЙ
Индекс З965-02-5-05я73-1
700 #1 - ИМЯ ЛИЦА - ПЕРВИЧНАЯ ОТВЕТСТВЕННОСТЬ
Начальный элемент ввода Пупков
Часть имени, кроме начального элемента ввода К. А.
Расширение инициалов личного имени Константин Александрович
Код отношения Автор
701 #1 - ИМЯ ЛИЦА - АЛЬТЕРНАТИВНАЯ ОТВЕТСТВЕННОСТЬ
Начальный элемент ввода Серов
Часть имени, кроме начального элемента ввода В. А.
Расширение инициалов личного имени Владимир Александрович
Код отношения Автор
801 #0 - ИСТОЧНИК ЗАПИСИ
Страна Российская Федерация
Организация NLR
Дата составления 20010123
Правила каталогизации PSBO
801 #1 - ИСТОЧНИК ЗАПИСИ
Страна Российская Федерация
Организация NLR
Дата составления 20010123
830 ## - ОБЩЕЕ ПРИМЕЧАНИЕ, СОСТАВЛЕННОЕ КАТАЛОГИЗАТОРОМ
Текст примечания Авт. по кн.
852 ## - МЕСТОНАХОЖДЕНИЕ И ШИФР ХРАНЕНИЯ
Идентификатор организации NLR
Шифр хранения (Call Number) 2000-4/9001
942 ## - ДОПОЛНИТЕЛЬНЫЕ ЭЛЕМЕНТЫ ЗАПИСИ (АБИС)
Тип экземпляра АБИС Книга

Нет доступных экземпляров.